000
00338nam a2200133Ia 4500
008
151001s9999||||xx |||||||||||||| ||und||
100
_a
उमेश भारद्वाज
245
_a
नयी रोशनी
250
_a
1
260
_b
अपराजिता
260
_c
2008
300
_a
144
365
_b
21
999
_c
992661
_d
992658